Μέθοδοι κοινωνικών επιστημών
Αποθηκεύτηκε σε:
| Κύριος συγγραφέας: | |
|---|---|
| Συγγραφή απο Οργανισμό/Αρχή: | |
| Άλλοι συγγραφείς: | |
| Μορφή: | Βιβλίο |
| Γλώσσα: | Greek French |
| Δημοσίευση: |
Αθήνα :
Εθνικό Κέντρο Κοινωνικών Ερευνών,
1989.
|
| Έκδοση: | 5η εκδ. |
| Θέματα: | |
| Ετικέτες: |
Προσθήκη ετικέτας
Δεν υπάρχουν, Καταχωρήστε ετικέτα πρώτοι!
|
MARC
| LEADER | 00000cam a2200000 i 4500 | ||
|---|---|---|---|
| 001 | 1/43298 | ||
| 008 | 980211s1989 gr | ||| |||| ||gre|| | ||
| 020 | |a 9607093100 | ||
| 035 | |a 1997 |c ΓΡΑΜΜΑΤΕΙΑ ΜΥΤΙΛΗΝΗΣ |l 10041989 | ||
| 040 | |a GR-MyUA |b gre |e AACR2 | ||
| 041 | 1 | |a gre |h fre | |
| 082 | 0 | |a 300.18 | |
| 100 | 1 | |a Duverger, Maurice. | |
| 245 | 1 | 0 | |a Μέθοδοι κοινωνικών επιστημών / |c Maurice Duverger ; μετάφραση Νίκος Παπαδόδημας. |
| 250 | |a 5η εκδ. | ||
| 260 | |a Αθήνα : |b Εθνικό Κέντρο Κοινωνικών Ερευνών, |c 1989. | ||
| 300 | |a 322 σ. ; |c 21 εκ. | ||
| 500 | |a Τίτλος πρωτοτύπου: Methodes des sciences sociales. | ||
| 650 | 0 | 0 | |a Social sciences |x Methodology. |
| 650 | 0 | 0 | |a Sociology |x Methodology. |
| 700 | 1 | |a Παπαδοδήμας, Νικόλαος, |e trl | |
| 710 | 2 | |a Εθνικόν Κέντρον Κοινωνικών Ερευνών. | |
| 852 | |a INST |b RHODES |e 20000210 |h 300.18 DUV |p 005400014021 |q 005400014021 |t BK |y 0 |z τ.2 | ||
| 852 | |a INST |b RHODES |e 20000210 |h 300.18 DUV |p 005400014021 |q 005400014021 |t BK |v τ.2: |y 0 |z τ.2 | ||
| 852 | |a INST |b SAMOS |e 19980211 |h 300.18 DUV |p 005300008683 |q 005300008683 |t BK |y 0 |z τ.2 | ||
| 852 | |a INST |b SAMOS |e 19980211 |h 300.18 DUV |p 005300008683 |q 005300008683 |t BK |v τ.2: |y 0 |z τ.2 | ||
| 853 | |a INST |b RHODES |h 300.18 DUV | ||
| 853 | |a INST |b SAMOS |h 300.18 DUV | ||
| 901 | |a BIBL-1998-1 | ||
| 901 | |a BIBL4-2000-1 | ||
| 909 | |a Σ |b 050626 | ||
| 909 | |a Ρ |b 073608 | ||
| 922 | |a 4ΔΩΡ |b 200002 |c ΔΩΡΕΑ | ||